| Tag |
First Indicator |
Second Indicator |
Subfields |
| LEADER |
00000cam a2200000 a 4500 |
| 001 |
in00000018083 |
| 005 |
20151007053140.0 |
| 008 |
870713s1987 caua b 00110 eng |
| 010 |
|
|
|a 87017951
|
| 020 |
|
|
|a 0804714126 (alk. paper) :
|c $22.50
|
| 035 |
|
|
|a (OCoLC)16275892
|
| 035 |
|
|
|9 AAB0566AM
|
| 040 |
|
|
|a DLC
|c DLC
|d TXA
|d UtOrBLW
|
| 041 |
0 |
|
|a eng
|a fre
|
| 043 |
|
|
|a e-fr---
|
| 049 |
|
|
|a TXAM
|c [A11069454]
|
| 050 |
0 |
0 |
|a PQ613
|b .D38 1987
|
| 082 |
0 |
|
|a 848/.308/09
|2 19
|
| 100 |
1 |
|
|a Davis, Natalie Zemon,
|d 1928-
|
| 245 |
1 |
0 |
|a Fiction in the archives :
|b pardon tales and their tellers in sixteenth-century France /
|c Natalie Zemon Davis.
|
| 264 |
|
1 |
|a Stanford, Calif. :
|b Stanford University Press,
|c 1987.
|
| 300 |
|
|
|a ix, 217 pages :
|b illustrations ;
|c 23 cm.
|
| 336 |
|
|
|a text
|b txt
|2 rdacontent
|
| 337 |
|
|
|a unmediated
|b n
|2 rdamedia
|
| 338 |
|
|
|a volume
|b nc
|2 rdacarrier
|
| 490 |
1 |
|
|a The Harry Camp lectures at Stanford University ;
|v 1986
|
| 500 |
|
|
|a English with transcriptions of letters of remission in French.
|
| 504 |
|
|
|a Bibliography: pages 145-205.
|
| 500 |
|
|
|a Includes index.
|
| 650 |
|
0 |
|a French prose literature
|y 16th century
|x History and criticism.
|
| 650 |
|
0 |
|a Pardon
|z France
|x History
|y 16th century.
|
| 650 |
|
0 |
|a Storytelling
|z France
|x History
|y 16th century.
|
| 650 |
|
0 |
|a Criminal justice, Administration of
|z France
|x History
|y 16th century.
|
| 650 |
|
0 |
|a Fiction
|x Technique.
|
| 650 |
|
0 |
|a Criminals' writings, French
|x History and criticism.
|
| 830 |
|
0 |
|a Harry Camp lectures at Stanford University ;
|v 1986.
|
| 999 |
|
|
|a MARS
|
| 999 |
f |
f |
|s 23b7fbb1-322f-3eba-871b-9e39d65b93f9
|i 8af15f67-be92-3562-afcc-0762dfd02cf0
|t 0
|
| 952 |
f |
f |
|p normal
|a Texas A&M University
|b College Station
|c Sterling C. Evans Library
|d Evans: Library Stacks
|t 0
|e PQ613 .D38 1987
|h Library of Congress classification
|i unmediated -- volume
|m A14811069454
|
| 998 |
f |
f |
|a PQ613 .D38 1987
|t 0
|l Evans: Library Stacks
|